PÉČE O MLÁDEŽ ABNORMÁLNÍ

Bibliographic Details
Format: Article
Language:French

MARC

LEADER 00000nab a2200000uu 4500
001 vtls011130570
003 SK-MaSNL
005 20260227131956.0
008 211119|1926 xo |||||||||||||||||fre|
015 |a SNBRB 
035 |a (uuid)7554ec5e-7c92-4811-9f2b-ac5f947cde1a 
035 |a (urnnbn)urn:nbn:sk:snk:ar-a09kdr 
035 |a urn:nbn:sk:snk-aba8cc 
040 |a SNKBUCL  |b slo  |c SNKBUCL  |e AACR2 
041 0 |a fre 
044 |a xo  |c SK 
245 0 0 |a PÉČE O MLÁDEŽ ABNORMÁLNÍ 
246 3 |a Le soin de la jeunesse anormale 
773 0 |t Časopis pro zdravotnictvo  |g Roč. 17, č. 4-5 (1926), s. 64-67 
958 |a ONDV 
958 |a article13 
999 |c 2625718  |d 2627648